Los hippies: una contra-cultura

Guardat en:
Dades bibliogràfiques
Autor principal: Hall, Stuart (Autor)
Format: Llibre
Idioma:espanyol
Publicat: Barcelona Anagrama 1970
Col·lecció:Cuadernos Anagrama. Serie documentos
Matèries:
Etiquetes: Afegir etiqueta
Sense etiquetes, Sigues el primer a etiquetar aquest registre!

MARC

LEADER 00000nam a2200000 a 4500
001 UCY7358
003 CL-VaPUC
008 950609e19700000SP |||||||||||||||||spa|d
082 0 4 |a 305.568  |b HAL  |2 21 
100 |a Hall, Stuart  |e author  |9 605136 
245 1 4 |a Los hippies: una contra-cultura 
300 |a 77 p 
942 |c BK 
945 |d 19950609 00:00:00  |a lriquelm 
260 |a Barcelona  |b Anagrama  |c 1970 
650 7 |a HIPPIES  |2 CL-VaPUC  |9 323777 
650 7 |a GRUPOS  |2 CL-VaPUC  |9 336429 
650 7 |a CONTRACULTURAS  |2 CL-VaPUC  |9 335504 
650 7 |a SUBCULTURA  |2 CL-VaPUC  |9 337833 
583 |a last modification  |c 19950609 00:00:00  |k Rodrigo Vera 
490 0 |a Cuadernos Anagrama. Serie documentos 
999 |c 234759  |d 234757 
952 |0 0  |1 0  |4 0  |6 305_568000000000000_HAL_1970  |7 0  |8 P  |9 241439  |a BIBEDU  |b BIBEDU  |d 2019-11-18  |i 1518062  |o 305.568 HAL 1970  |p 1518062  |r 2024-01-25  |w 2019-11-18  |y BK  |k EDU